Sports Quiz

Random Sports or NFL Quiz
Score 0/112 Timer 13:00
0 Plays Today
Team(s) Name % Correct
BALRay Lewis
92.5%
NYJMo Lewis
89.8%
JAXTelvin Smith
89.2%
DALJaylon Smith
85.7%
GBZa'Darius Smith
84.4%
GBClay Matthews
83.6%
CHIBrian Urlacher
83.6%
SFPatrick Willis
83.6%
KCDerrick Johnson
82.8%
PITJames Harrison
82.6%
SFAldon Smith
81.8%
BALTerrell Suggs
80.7%
ARIChandler Jones
78.8%
DAL/DENDeMarcus Ware
78.8%
ATLDeion Jones
78.5%
TBDerrick Brooks
78%
CARThomas Davis
77.3%
SFAhmad Brooks
76.9%
CARLuke Kuechly
76.9%
DALSean Lee
76.6%
DENVon Miller
75.1%
CLEJamir Miller
72.7%
SFNaVorro Bowman
72.1%
MIAZach Thomas
72.1%
BALAdalius Thomas
71%
PITTJ Watt
69.2%
CHILance Briggs
69.2%
KCJustin Houston
68.9%
NETedy Bruschi
67.3%
SEABobby Wagner
67.3%
HOUBrian Cushing
66.8%
KCTamba Hali
66.2%
TBLavonte David
66%
NEDont'a Hightower
64.9%
BUFZach Brown
64.4%
WASLondon Fletcher
63.8%
PITLawrence Timmons
62.5%
PIT/MIAJoey Porter
61.9%
Team(s) Name % Correct
INDDarius Leonard
61.5%
NEJerod Mayo
61.1%
MINAnthony Barr
60.8%
PITRyan Shazier
60.4%
NEJamie Collins
59.2%
WASRyan Kerrigan
59%
BUFLorenzo Alexander
58.9%
GBA.J. Hawk
58.7%
SEAK.J. Wright
58.4%
DEN/BALElvis Dumervil
57.6%
INDD'Qwell Jackson
57.4%
INDRobert Mathis
57.1%
TBKwon Alexander
56.2%
SDShawne Merriman
55%
CHIKhalil Mack
54.7%
WAS/TENBrian Orakpo
54.4%
SDJunior Seau
53.6%
PITLaMarr Woodley
52.5%
NYJ/NOJonathan Vilma
52.3%
NEMike Vrabel
51.5%
MINChad Greenway
50.1%
DALLeighton Vander Esch
50%
ATLVic Beasley
48%
ATLKeith Brooking
48%
CINVontaze Burfict
46.9%
GBJulius Peppers
46.9%
PITJames Farrior
45.6%
DENA.J. Wilson
43.4%
BUFTakeo Spikes
43.2%
BALC.J. Mosley
42.9%
PHIJeremiah Trotter
42.9%
HOUJadeveon Clowney
42.3%
KCDee Ford
42.1%
WASLaVar Arrington
42.1%
HOUDeMeco Ryans
41.6%
ARIDaryl Washington
41%
WASMarcus Washington
40.8%
BALPeter Boulware
40.5%
Team(s) Name % Correct
CARJon Beason
39.9%
MIACameron Wake
39.9%
MINE.J. Henderson
37.3%
SEALofa Tatupu
36.7%
TBShaq Barrett
36.5%
ARIJohn Abraham
35.1%
PHIConnor Barwin
34.6%
NEWillie McGinest
34.3%
JAXPaul Posluszny
34.3%
SF/SEAJulian Peterson
33.5%
DENBradley Chubb
33.3%
SFFred Warner
33.3%
SDShaun Phillips
30.6%
TENKeith Bulluck
29.2%
BALBart Scott
29.2%
NYGAntonio Pierce
29%
PITJason Gildon
26.3%
CLEJoe Schobert
26.2%
BUFTremaine Edmunds
25.5%
NYGJessie Armstead
24.9%
CARDan Morgan
24.4%
HOUBernardrick McKinney
24.2%
PITKendrell Bell
21.7%
DALAnthony Spencer
21.2%
BALMatthew Judon
21.2%
SDDonnie Edwards
20.4%
NYGOlivier Vernon
18.5%
INDCato June
17.4%
DALGreg Ellis
16.6%
NO/CARMark Fields
13.4%
TBShelton Quarles
12.1%
NOKeith Mitchell
8.6%
DALDexter Coakley
8.3%
DETStephen Boyd
6.2%
BUFSam Cowart
4.3%
TBJason Pierre-Paul
0%
Remove Ads.
Support Sporcle.
Get the best of Sporcle when you Go Orange. This ad-free experience offers more features, more stats, and more fun while also helping to support Sporcle. Thank you for becoming a member.

You're not logged in!

Compare scores with friends on all Sporcle quizzes.
OR
Log In

Show Comments

Extras

Top Quizzes Today


Score Distribution

Your Account Isn't Verified!

In order to create a playlist on Sporcle, you need to verify the email address you used during registration. Go to your Sporcle Settings to finish the process.

Report this User

Report this user for behavior that violates our Community Guidelines.

Details: